000 00739nam a2200241 i 4500
001 C2-0220712
003 PPAK
005 20180728150632.0
008 991003s1989 my |||| ||||| | may d
020 _a9839575112
040 _aPPAK
_beng
_cPPAK
_erda
082 0 4 _a392.5089
_223
090 0 0 _a392.5089
_bADA
_dKIH
245 0 0 _aAdat perkahwinan Melaka
_bhimpunan perbilangan dan pantun
264 1 _aMelaka :
_bLembaga Bahasa Melayu Melaka ,
_c1989
300 _aviii, 93 pages ;
_c21 cm
336 _2rdacontent
_atext
337 _2rdamedia
_aunmediated
338 _2rdacarrier
_avolume
650 1 0 _aMarriages custom and rites - Melaka
700 0 _aAbdul Latiff Abu Bakar ; Zainal Abidin Borhan,
_ecompile
942 _ddc
_cB
999 _c142623
_d142623